000 00179nam a2200073Ia 4500
008 170620s9999 xx 000 0 und d
100 _aPandey
245 3 _aAn Introducation to Major Phil of Edu.
260 _bAPOLO
999 _c27200
_d27200